Spektroskopie - spektroanalyse

Gespeichert in:
Bibliographische Detailangaben
Format: Buch
Sprache:Deutsch
Veröffentlicht: Berlin : Technik, 1976
Tags: Tag hinzufügen
Keine Tags, Fügen Sie das erste Tag hinzu!

MARC

LEADER 00000nam a22000003a 4500
001 stu204330
005 20150408182723.0
008 100526s1976----ge------------------ger-d
040 |a STU  |b slo 
041 0 |a ger 
044 |a ge 
245 |a Spektroskopie - spektroanalyse 
260 |a Berlin :  |b Technik,  |c 1976 
996 |b E27973  |c E*27973  |l EE11  |s P  |a 0  |w stu204330_0001